[Event "IV Obert Internacional d'Escacs "Ciutat de Sabadel
[Site "Sabadell (Spain)"]
[Date "2011.08.14"]
[Round "4"]
[Board "1"]
[White "Moskalenko, Viktor"]
[Black "Gomez Jurado, Luis Alberto"]
[Result "1-0"]
[WhiteElo "2591"]
[BlackElo "2353"]
[PlyCount "73"]
[EventDate "2011.08.10"]
[EventRounds "9"]
[EventCountry "ESP"]

1.e4 c5 2.Nc3 Nc6 3.g3 g6 4.Bg2 Bg7 5.d3 d6 6.f4 Nf6 7.Nf3 O-O 8.O-O Rb8 9.h3 b5
10.g4 b4 11.Ne2 Ba6 12.Be3 Nd7 13.b3 Bxa1 14.Qxa1 e5 15.f5 f6 16.Bh6 Rf7 17.g5
Nd4 18.Nexd4 cxd4 19.h4 gxf5 20.exf5 Bb7 21.Qe1 Rc8 22.Qg3 Kh8 23.g6 hxg6
24.fxg6 Re7 25.Ng5 Bxg2 26.Nf7+ Kg8 27.Nxd8 Bxf1 28.Kxf1 Rxd8 29.Qf3 e4 30.dxe4
Rde8 31.h5 Rxe4 32.Bd2 f5 33.h6 R8e6 34.Qh5 Rg4 35.Bg5 Re8 36.h7+ Kh8 37.g7+ 1-0

[Event "IV Obert Internacional d'Escacs "Ciutat de Sabadel
[Site "Sabadell (Spain)"]
[Date "2011.08.14"]
[Round "4"]
[Board "1"]
[White "Munoz Pantoja, Miguel"]
[Black "Lasinskas, Povilas"]
[Result "1-0"]
[WhiteElo "2482"]
[BlackElo "2148"]
[PlyCount "81"]
[EventDate "2011.08.10"]
[EventRounds "9"]
[EventCountry "ESP"]

1.e4 e5 2.Nf3 Nc6 3.Bc4 Bc5 4.b4 Bb6 5.a4 a6 6.Bb2 d6 7.b5 axb5 8.axb5 Rxa1
9.Bxa1 Nd4 10.Nxd4 exd4 11.O-O Nf6 12.d3 O-O 13.c3 dxc3 14.Nxc3 Be6 15.Qb3 Qe7
16.Na4 Ba5 17.Rc1 Nd7 18.Bxe6 fxe6 19.Bd4 Kh8 20.h3 Qg5 21.Be3 Qg6 22.Qd1 h6
23.Kh1 Nf6 24.Nb2 d5 25.e5 Nd7 26.d4 Rf7 27.Qg4 Nf8 28.Qxg6 Nxg6 29.Nd3 b6
30.Rc6 Re7 31.g3 Kg8 32.f4 Kf7 33.g4 Ke8 34.f5 Nf8 35.Nf4 Kd7 36.Kg2 Re8 37.Nh5
Re7 38.f6 gxf6 39.Nxf6+ Kc8 40.Bxh6 Ng6 41.Bg5 1-0

[Event "IV Obert Internacional d'Escacs "Ciutat de Sabadel
[Site "Sabadell (Spain)"]
[Date "2011.08.14"]
[Round "4"]
[Board "1"]
[White "Jimenez Fraga, Pedro Alejandro"]
[Black "Vega Gutierrez, Sabrina"]
[Result "0-1"]
[WhiteElo "2464"]
[BlackElo "2285"]
[PlyCount "78"]
[EventDate "2011.08.10"]
[EventRounds "9"]
[EventCountry "ESP"]

1.e4 c5 2.Nf3 Nc6 3.Bb5 e6 4.Bxc6 bxc6 5.d3 Ne7 6.Ng5 h6 7.Nh3 e5 8.f4 d5 9.Nf2
exf4 10.Bxf4 Ng6 11.Bg3 Be7 12.O-O O-O 13.Nd2 c4 14.dxc4 dxe4 15.Nfxe4 f5 16.Nc3
Qb6+ 17.Bf2 Qxb2 18.Na4 Qf6 19.c3 Rd8 20.Bd4 Rxd4 21.cxd4 Qxd4+ 22.Kh1 Ba6
23.Qe2 Rb8 24.Qe6+ Kh7 25.Nf3 Qxc4 26.Qxf5 Rb5 27.Qd7 Rd5 28.Qxa7 Qxa4 29.Rfe1
Bf6 30.Rac1 Bb5 31.Qc7 Qxa2 32.Re8 Qb3 33.Ree1 Rf5 34.Nd2 Qd5 35.Ne4 Be5 36.Qc8
Rh5 37.h3 Qf7 38.Qg4 Rh4 39.Qf3 Qxf3 0-1

[Event "IV Obert Internacional d'Escacs "Ciutat de Sabadel
[Site "Sabadell (Spain)"]
[Date "2011.08.14"]
[Round "4"]
[Board "1"]
[White "Schmidt, Ralf"]
[Black "Perpinya Rofes, Lluis Maria"]
[Result "0-1"]
[WhiteElo "2138"]
[BlackElo "2395"]
[PlyCount "84"]
[EventDate "2011.08.10"]
[EventRounds "9"]
[EventCountry "ESP"]

1.e4 c5 2.Nc3 Nc6 3.g3 g6 4.Bg2 Bg7 5.d3 Rb8 6.Be3 b5 7.Qd2 b4 8.Nd1 d6 9.Ne2
Nd4 10.O-O e6 11.Nc1 Ne7 12.c3 bxc3 13.bxc3 Ndc6 14.Bh6 O-O 15.Bxg7 Kxg7 16.Nb3
a5 17.f4 a4 18.Nc1 e5 19.f5 f6 20.Ne3 gxf5 21.exf5 d5 22.Ne2 Ba6 23.Ng4 Ng8
24.Nf2 Rf7 25.g4 Rfb7 26.Rac1 Rb2 27.Rc2 a3 28.Nd1 Rxc2 29.Qxc2 Qb6 30.Qd2 Qb1
31.c4 Nb4 32.Nc1 dxc4 33.g5 Qc2 34.gxf6+ Nxf6 35.Qg5+ Kf7 36.Ne3 Qb2 37.dxc4 Rg8
38.Qh4 Bb7 39.Qf2 Nc2 40.Nd3 Nxe3 41.Nxb2 Nxg2 42.Qxc5 Nf4+ 0-1